Guessing the Taylor Swift Song 14 - Statistics

General Stats
  • This quiz has been taken 28 times
  • The average score is 174 of 257
Answer Stats
Answer % Correct
I,
100%
I
100%
I...
100%
a
96%
a,
96%
to
96%
you
96%
you,
96%
your
96%
Your
96%
you're
96%
do
92%
is
92%
the
92%
As
88%
as
88%
it
88%
it's
88%
And
83%
and
83%
be
83%
don't
83%
my
83%
That
83%
we
83%
all
79%
hear
79%
If
79%
if
79%
know
79%
of
79%
This
79%
too
79%
are
75%
But
75%
like
75%
can't
71%
I'll
71%
just...
71%
say
71%
they
71%
Think
71%
think
71%
with
71%
get
67%
Get
67%
I'd
67%
hands
63%
mine
63%
should,
63%
should
63%
alone
58%
Out
58%
has
54%
treacherous
54%
home
50%
mind
50%
night
50%
quick
50%
sound
50%
away
46%
going
46%
Put
46%
sand
46%
stay
46%
voice
46%
will...
46%
would...
46%
anything
42%
dangerous
42%
Follow
42%
follow
42%
hope
42%
much
42%
nothing
42%
own
42%
Two
42%
Asking
38%
bone
38%
choice
38%
drive
38%
flow
38%
Getting
38%
lips
38%
long
38%
name
38%
path
38%
reckless
38%
skin
38%
through
38%
Till
38%
touch
38%
along
33%
close
33%
daydream
33%
eye
33%
Forever
33%
friction
33%
headlights
33%
safe
33%
shine
33%
smart
33%
walk
33%
worth
33%
decide
29%
echoed
29%
focus,
29%
sleepless
29%
slope
29%
Trained
29%
gravity's
25%
swept
25%
No matching quizzes found
Score Distribution
Percent of People with Each Score
Percentile by Number Answered
Your Score History
You have not taken this quiz